Les 28 os de la colonne vertébrale - Statistiques

Statistiques générales
  • Ce quiz a été pris 19 fois
  • Le résultat moyen est 18 sur 26
Statistiques - réponses
Hint Réponse % Correct
3 C3
80%
4 C4
80%
5 C5
80%
6 C6
80%
7 C7
80%
8 T1
80%
17 T10
80%
18 T11
80%
19 T12
80%
9 T2
80%
10 T3
80%
11 T4
80%
12 T5
80%
13 T6
80%
14 T7
80%
15 T8
80%
16 T9
80%
20 L1
67%
21 L2
60%
22 L3
60%
23 L4
60%
24 L5
60%
26 Coccyx
47%
25 Saccrum
40%
1 Atlas (C1)
13%
2 Axis (C2)
7%
Aucun quiz correspondant
Distribution des résultats
% des personnes avec chaque résultat
Percentile par nombre de réponses
Votre historique - résultats
Vous n’avez pas pris ce quiz